[Event "European Online Club-ch-D 2021"]
[Site "Online"]
[Date "2021.03.27"]
[Round "2.11"]
[White "Hoffmann, Hendrik"]
[Black "Petkidis, Anthony"]
[Result "1/2-1/2"]
[WhiteElo "2242"]
[BlackElo "2401"]
[Annotator "NA"]
[PlyCount "73"]
[EventDate "2021.03.27"]
[EventType "team-tourn"]
[EventCountry "NET"]
[SourceTitle "playchess.com"]
[Source "ChessBase"]
[SourceQuality "1"]
[TimeControl "900+5"]

1. e4 {[%emt 0:00:00]} e5 {[%emt 0:00:04]} 2. Nf3 {[%emt 0:00:03]} Nc6 {[%emt 0:00:02]} 3. Nc3 {[%emt 0:00:01]} Nf6 {[%emt 0:00:02]} 4. d4 {[%emt 0:00:02]} exd4 {[%emt 0:00:03]} 5. Nxd4 {[%emt 0:00:03]} Bb4 {[%emt 0:00:03]} 6. Nxc6 {[%emt 0:00:04]} bxc6 {[%emt 0:00:02]} 7. Bd3 {[%emt 0:00:03]} O-O {[%emt 0:00:06]} 8. O-O {[%emt 0:00:03]} d5 {[%emt 0:00:01]} 9. exd5 {[%emt 0:00:01]} cxd5 {[%emt 0:00:03]} 10. h3 {[%emt 0:00:03]} Re8 {[%emt 0:00:15]} 11. Qf3 {[%emt 0:00:07]} c6 {[%emt 0:00:31]} 12. Bf4 {[%emt 0:00:06]} a5 {[%emt 0:01:10]} 13. Rad1 {[%emt 0:00:14]} a4 {[%emt 0:00:58]} 14. Ne2 {[%emt 0:01:14]} a3 {[%emt 0:00:43]} 15. b3 {[%emt 0:00:08]} Bc5 {[%emt 0:02:14]} 16. c4 {[%emt 0:00:35]} Be6 {[%emt 0:00:29]} 17. Bg5 {[%emt 0:00:33]} h6 {[%emt 0:01:18]} 18. Bxf6 {[%emt 0:00:08]} Qxf6 {[%emt 0:00:02]} 19. Qxf6 {[%emt 0:00:02]} gxf6 {[%emt 0:00:01]} 20. Nf4 {[%emt 0:00:00]} dxc4 {[%emt 0:00:31]} 21. Nxe6 {[%emt 0:00:16]} fxe6 {[%emt 0:00:36]} 22. Bxc4 {[%emt 0:00:03]} Kf7 {[%emt 0:00:49]} 23. Rd7+ {[%emt 0:01:35]} Re7 {[%emt 0:00:05]} 24. Rfd1 {[%emt 0:00:02]} Rae8 {[%emt 0:01:20]} 25. Kf1 {[%emt 0:00:15]} f5 {[%emt 0:00:21]} 26. Ke2 {[%emt 0:00:08]} Kf6 {[%emt 0:00:08]} 27. Rxe7 {[%emt 0:00:11]} Kxe7 {[%emt 0:00:11]} 28. Rc1 {[%emt 0:00:51]} Bd4 {[%emt 0:00:10]} 29. Bd3 {[%emt 0:00:42]} c5 {[%emt 0:00:26]} 30. g4 {[%emt 0:00:07]} Kf6 {[%emt 0:00:49]} 31. Kf3 {[%emt 0:00:59]} fxg4+ {[%emt 0:00:22]} 32. hxg4 {[%emt 0:00:40]} Kg5 {[%emt 0:00:23]} 33. Kg3 {[%emt 0:00:39]} Be5+ {[%emt 0:00:24]} 34. Kg2 {[%emt 0:00:04]} Bd4 {[%emt 0:00:10]} 35. Kg3 {[%emt 0:00:03]} Be5+ {[%emt 0:00:04]} 36. Kg2 {[%emt 0:00:02]} Bd4 {[%emt 0:00:05]} 37. Kg3 {[%emt 0:00:01]} 1/2-1/2

[Event "European Online Club-ch-D 2021"]
[Site "Online"]
[Date "2021.03.27"]
[Round "2.12"]
[White "Fischer, Daniel"]
[Black "Skulte, Christopher"]
[Result "1-0"]
[WhiteElo "2276"]
[BlackElo "2055"]
[Annotator "NA"]
[PlyCount "81"]
[EventDate "2021.03.27"]
[EventType "team-tourn"]
[EventCountry "NET"]
[SourceTitle "playchess.com"]
[Source "ChessBase"]
[SourceQuality "1"]
[TimeControl "900+5"]

1. e4 {[%emt 0:00:00]} c5 {[%emt 0:00:04]} 2. Nf3 {[%emt 0:00:03]} e6 {[%emt 0:00:02]} 3. d4 {[%emt 0:00:02]} cxd4 {[%emt 0:00:02]} 4. Nxd4 {[%emt 0:00:00]} Nf6 {[%emt 0:00:03]} 5. Nc3 {[%emt 0:00:02]} Nc6 {[%emt 0:00:02]} 6. Ndb5 {[%emt 0:00:03]} d6 {[%emt 0:00:05]} 7. Bf4 {[%emt 0:00:04]} e5 {[%emt 0:00:03]} 8. Bg5 {[%emt 0:00:01]} a6 {[%emt 0:00:15]} 9. Na3 {[%emt 0:00:01]} b5 {[%emt 0:00:03]} 10. Nd5 {[%emt 0:00:03]} Be7 {[%emt 0:00:09]} 11. Bxf6 {[%emt 0:00:05]} Bxf6 {[%emt 0:00:05]} 12. c4 {[%emt 0:00:01]} b4 {[%emt 0:05:00]} 13. Nc2 {[%emt 0:00:02]} a5 {[%emt 0:00:05]} 14. Qf3 {[%emt 0:00:02]} Be6 {[%emt 0:00:12]} 15. Rd1 {[%emt 0:00:20]} Bg5 {[%emt 0:00:16]} 16. g3 {[%emt 0:02:04]} O-O {[%emt 0:00:30]} 17. h4 {[%emt 0:00:03]} Bh6 {[%emt 0:00:07]} 18. Bh3 {[%emt 0:00:17]} Rb8 {[%emt 0:01:30]} 19. Kf1 {[%emt 0:00:19]} Kh8 {[%emt 0:01:38]} 20. Kg2 {[%emt 0:00:03]} Qd7 {[%emt 0:01:04]} 21. b3 {[%emt 0:00:34]} g6 {[%emt 0:00:18]} 22. h5 {[%emt 0:01:19]} f5 {[%emt 0:00:51]} 23. hxg6 {[%emt 0:01:12]} hxg6 {[%emt 0:00:18]} 24. Bxf5 {[%emt 0:01:11]} Kg7 {[%emt 0:00:50]} 25. Bxe6 {[%emt 0:00:24]} Qxe6 {[%emt 0:00:25]} 26. Qe2 {[%emt 0:00:09]} a4 {[%emt 0:00:28]} 27. Rh3 {[%emt 0:00:28]} axb3 {[%emt 0:00:05]} 28. axb3 {[%emt 0:00:02]} Rh8 {[%emt 0:01:09]} 29. Rdh1 {[%emt 0:00:09]} Bg5 {[%emt 0:00:02]} 30. Rxh8 {[%emt 0:00:06]} Rxh8 {[%emt 0:00:02]} 31. Rxh8 {[%emt 0:00:02]} Kxh8 {[%emt 0:00:02]} 32. Ndxb4 {[%emt 0:00:12]} Na5 {[%emt 0:00:19]} 33. Qd3 {[%emt 0:00:14]} Qg4 {[%emt 0:00:12]} 34. Nd5 {[%emt 0:01:10]} Nb7 {[%emt 0:00:43]} 35. b4 {[%emt 0:00:15]} Kg7 {[%emt 0:00:06]} 36. Nde3 {[%emt 0:00:11]} Bxe3 {[%emt 0:00:29]} 37. Nxe3 {[%emt 0:00:02]} Qc8 {[%emt 0:00:10]} 38. Qd5 {[%emt 0:00:12]} Qc7 {[%emt 0:00:06]} 39. Ng4 {[%emt 0:01:13]} Nd8 {[%emt 0:00:04]} 40. b5 {[%emt 0:00:09]} Qd7 {[%emt 0:00:08]} 41. Nxe5 {[%emt 0:00:29]} 1-0

[Event "European Online Club-ch-D 2021"]
[Site "Online"]
[Date "2021.03.27"]
[Round "2.13"]
[White "Lopez Del Alamo, Antonio"]
[Black "Parligras, Mircea-Emilian"]
[Result "1/2-1/2"]
[WhiteElo "2295"]
[BlackElo "2591"]
[Annotator "ChessBase"]
[PlyCount "92"]
[EventDate "2021.03.27"]
[EventType "team-tourn"]
[EventCountry "NET"]
[SourceTitle "playchess.com"]
[Source "ChessBase"]
[SourceQuality "1"]
[TimeControl "900+5"]

1. e4 {[%emt 0:00:00]} e5 {[%emt 0:00:03]} 2. Bc4 {[%emt 0:00:10]} Nc6 {[%emt 0:00:23]} 3. d3 {[%emt 0:00:04]} Nf6 {[%emt 0:00:05]} 4. Nc3 {[%emt 0:00:18]} Na5 {[%emt 0:00:23]} 5. Nge2 {[%emt 0:00:11]} Nxc4 {[%emt 0:00:07]} 6. dxc4 {[%emt 0:00:03]} d6 {[%emt 0:00:08]} 7. Qd3 {[%emt 0:00:47]} Be7 {[%emt 0:00:08]} 8. b3 {[%emt 0:01:02]} O-O {[%emt 0:00:06]} 9. a4 {[%emt 0:01:06]} Be6 {[%emt 0:00:33]} 10. Ba3 {[%emt 0:00:11]} Nd7 {[%emt 0:00:54]} 11. Ng3 {[%emt 0:00:14]} Nc5 {[%emt 0:00:46]} 12. Bxc5 {[%emt 0:00:08]} dxc5 {[%emt 0:00:03]} 13. Rd1 {[%emt 0:00:08]} Qxd3 {[%emt 0:00:34]} 14. Rxd3 {[%emt 0:00:05]} g6 {[%emt 0:00:31]} 15. Nd5 {[%emt 0:00:27]} Bd8 {[%emt 0:00:11]} 16. f3 {[%emt 0:01:48]} c6 {[%emt 0:00:07]} 17. Nc3 {[%emt 0:00:07]} Ba5 {[%emt 0:00:22]} 18. Ke2 {[%emt 0:00:04]} Rad8 {[%emt 0:00:12]} 19. Rhd1 {[%emt 0:00:04]} Rd4 {[%emt 0:00:13]} 20. Rxd4 {[%emt 0:00:14]} cxd4 {[%emt 0:00:04]} 21. Na2 {[%emt 0:00:02]} a6 {[%emt 0:01:06]} 22. Nh1 {[%emt 0:01:16]} b5 {[%emt 0:00:07]} 23. axb5 {[%emt 0:00:02]} cxb5 {[%emt 0:00:08]} 24. cxb5 {[%emt 0:00:28]} axb5 {[%emt 0:00:03]} 25. Nf2 {[%emt 0:00:06]} Rc8 {[%emt 0:00:23]} 26. Rc1 {[%emt 0:00:05]} Bd8 {[%emt 0:01:13]} 27. Kd1 {[%emt 0:01:59]} Bg5 {[%emt 0:00:18]} 28. Rb1 {[%emt 0:00:06]} f5 {[%emt 0:00:41]} 29. h3 {[%emt 0:00:05]} Kg7 {[%emt 0:02:36]} 30. Nb4 {[%emt 0:00:16]} Ra8 {[%emt 0:00:57]} 31. Nfd3 {[%emt 0:00:14]} Kf6 {[%emt 0:01:04]} 32. Nc6 {[%emt 0:00:19]} fxe4 {[%emt 0:00:34]} 33. fxe4 {[%emt 0:00:04]} Bc8 {[%emt 0:00:49]} 34. Ncxe5 {[%emt 0:00:17]} Bb7 {[%emt 0:00:21]} 35. Nd7+ {[%emt 0:01:25]} Ke7 {[%emt 0:00:03]} 36. N7c5 {[%emt 0:00:02]} Bc6 {[%emt 0:00:06]} 37. Nb4 {[%emt 0:00:16]} Kd6 {[%emt 0:00:28]} 38. Nxc6 {[%emt 0:00:05]} Kxc5 {[%emt 0:00:04]} 39. Ne5 {[%emt 0:00:03]} Kb4 {[%emt 0:00:26]} 40. Nd3+ {[%emt 0:00:38]} Kc3 {[%emt 0:00:03]} 41. b4 {[%emt 0:00:05]} Ra3 {[%emt 0:00:10]} 42. e5 {[%emt 0:00:04]} Ra2 {[%emt 0:00:14]} 43. Rb3+ {[%emt 0:00:04]} Kc4 {[%emt 0:00:02]} 44. Rb1 {[%emt 0:00:07]} Kc3 {[%emt 0:00:02]} 45. Rb3+ {[%emt 0:01:02]} Kc4 {[%emt 0:00:01]} 46. Rb1 {[%emt 0:00:01]} Kc3 {[%emt 0:00:01]} 1/2-1/2

[Event "European Online Club-ch-D 2021"]
[Site "Online"]
[Date "2021.03.27"]
[Round "2.14"]
[White "Dolana, Andrei-Theodor"]
[Black "Gongora Montes, Benjamin"]
[Result "0-1"]
[WhiteElo "2359"]
[BlackElo "2198"]
[Annotator "NA"]
[PlyCount "57"]
[EventDate "2021.03.27"]
[EventType "team-tourn"]
[EventCountry "NET"]
[SourceTitle "playchess.com"]
[Source "ChessBase"]
[SourceQuality "1"]
[TimeControl "900+5"]

1. Nf3 {[%emt 0:00:00]} Nc6 {[%emt 0:00:09]} 2. e4 {[%emt 0:00:58]} e5 {[%emt 0:00:06]} 3. d4 {[%emt 0:00:02]} exd4 {[%emt 0:00:03]} 4. Nxd4 {[%emt 0:00:01]} Nf6 {[%emt 0:00:03]} 5. Nxc6 {[%emt 0:00:16]} bxc6 {[%emt 0:00:04]} 6. e5 {[%emt 0:00:03]} Qe7 {[%emt 0:00:03]} 7. Qe2 {[%emt 0:00:03]} Nd5 {[%emt 0:00:04]} 8. c4 {[%emt 0:00:09]} Nb6 {[%emt 0:00:02]} 9. Nd2 {[%emt 0:02:56]} a5 {[%emt 0:00:21]} 10. Qe4 {[%emt 0:01:15]} g6 {[%emt 0:00:27]} 11. Bd3 {[%emt 0:03:43]} Bg7 {[%emt 0:00:10]} 12. Nf3 {[%emt 0:00:02]} O-O {[%emt 0:00:35]} 13. O-O {[%emt 0:00:11]} f6 {[%emt 0:00:29]} 14. exf6 {[%emt 0:03:35]} Qxe4 {[%emt 0:00:06]} 15. Bxe4 {[%emt 0:00:00]} Bxf6 {[%emt 0:00:03]} 16. Bh6 {[%emt 0:01:22]} Re8 {[%emt 0:00:05]} 17. Rfe1 {[%emt 0:00:35]} Ba6 {[%emt 0:00:29]} 18. c5 {[%emt 0:00:19]} Na4 {[%emt 0:00:12]} 19. Rac1 {[%emt 0:00:40]} Nxb2 {[%emt 0:00:13]} 20. Bf4 {[%emt 0:00:15]} Rac8 {[%emt 0:01:41]} 21. Bc2 {[%emt 0:00:12]} Rxe1+ {[%emt 0:00:17]} 22. Rxe1 {[%emt 0:00:02]} Nd3 {[%emt 0:00:07]} 23. Bxd3 {[%emt 0:00:05]} Bxd3 {[%emt 0:00:02]} 24. Ne5 {[%emt 0:00:07]} Bf5 {[%emt 0:00:06]} 25. f3 {[%emt 0:00:09]} Re8 {[%emt 0:00:28]} 26. g4 {[%emt 0:00:03]} Be6 {[%emt 0:00:11]} 27. g5 {[%emt 0:00:07]} Be7 {[%emt 0:00:17]} 28. Ng4 {[%emt 0:00:05]} Bxg4 {[%emt 0:00:10]} 29. fxg4 {[%emt 0:00:04]} 0-1

[Event "European Online Club-ch-D 2021"]
[Site "Online"]
[Date "2021.03.27"]
[Round "2.15"]
[White "Pascual Palomo, Lucia"]
[Black "Toma, Radu-Cristian"]
[Result "0-1"]
[WhiteElo "2101"]
[BlackElo "2385"]
[Annotator "NA"]
[PlyCount "74"]
[EventDate "2021.03.27"]
[EventType "team-tourn"]
[EventCountry "NET"]
[SourceTitle "playchess.com"]
[Source "ChessBase"]
[SourceQuality "1"]
[TimeControl "900+5"]

1. e4 {[%emt 0:00:00]} c5 {[%emt 0:00:06]} 2. Nf3 {[%emt 0:00:21]} Nc6 {[%emt 0:00:04]} 3. Bb5 {[%emt 0:00:03]} e6 {[%emt 0:00:02]} 4. Bxc6 {[%emt 0:00:05]} bxc6 {[%emt 0:00:02]} 5. e5 {[%emt 0:00:08]} Ne7 {[%emt 0:00:32]} 6. O-O {[%emt 0:00:06]} Ng6 {[%emt 0:00:05]} 7. d3 {[%emt 0:00:06]} Be7 {[%emt 0:00:31]} 8. Nc3 {[%emt 0:00:09]} O-O {[%emt 0:01:00]} 9. Re1 {[%emt 0:00:14]} f6 {[%emt 0:00:15]} 10. b3 {[%emt 0:00:25]} fxe5 {[%emt 0:00:35]} 11. Nxe5 {[%emt 0:00:32]} Nxe5 {[%emt 0:01:09]} 12. Rxe5 {[%emt 0:00:08]} Bf6 {[%emt 0:00:40]} 13. Rxc5 {[%emt 0:00:08]} Bd4 {[%emt 0:01:56]} 14. Rc4 {[%emt 0:00:13]} Bxf2+ {[%emt 0:01:05]} 15. Kh1 {[%emt 0:00:05]} d5 {[%emt 0:00:07]} 16. Ra4 {[%emt 0:02:35]} e5 {[%emt 0:00:31]} 17. Ba3 {[%emt 0:01:22]} c5 {[%emt 0:01:28]} 18. b4 {[%emt 0:01:49]} Bd4 {[%emt 0:01:09]} 19. Qe1 {[%emt 0:01:04]} Qe8 {[%emt 0:00:32]} 20. Ra5 {[%emt 0:00:37]} Qf7 {[%emt 0:00:11]} 21. Rxc5 {[%emt 0:02:06]} Bh3 {[%emt 0:00:53]} 22. Qe2 {[%emt 0:01:27]} Bg4 {[%emt 0:00:06]} 23. Qe1 {[%emt 0:00:39]} Bf3 {[%emt 0:00:29]} 24. Qg3 {[%emt 0:00:21]} Bxc5 {[%emt 0:01:12]} 25. bxc5 {[%emt 0:00:33]} d4 {[%emt 0:00:04]} 26. gxf3 {[%emt 0:00:22]} dxc3 {[%emt 0:00:04]} 27. Rf1 {[%emt 0:00:14]} Qd5 {[%emt 0:00:07]} 28. Qg4 {[%emt 0:00:36]} Rf4 {[%emt 0:00:13]} 29. Qh5 {[%emt 0:00:10]} Ra4 {[%emt 0:00:39]} 30. Bc1 {[%emt 0:00:14]} Rxa2 {[%emt 0:00:02]} 31. Re1 {[%emt 0:00:05]} Rxc2 {[%emt 0:00:06]} 32. Bf4 {[%emt 0:00:10]} Rf8 {[%emt 0:00:21]} 33. Rxe5 {[%emt 0:00:17]} Qxd3 {[%emt 0:00:07]} 34. Re1 {[%emt 0:00:15]} Rxf4 {[%emt 0:00:38]} 35. Re8+ {[%emt 0:00:03]} Rf8 {[%emt 0:00:03]} 36. Rxf8+ {[%emt 0:00:09]} Kxf8 {[%emt 0:00:01]} 37. Qxh7 {[%emt 0:00:03]} Qf1# {[%emt 0:00:03]} 0-1

[Event "European Online Club-ch-D 2021"]
[Site "Online"]
[Date "2021.03.27"]
[Round "2.16"]
[White "Gavrilescu, David"]
[Black "Blasco De La Cruz, Luis"]
[Result "1-0"]
[WhiteElo "2476"]
[BlackElo "1902"]
[Annotator "ChessBase"]
[PlyCount "51"]
[EventDate "2021.03.27"]
[EventType "team-tourn"]
[EventCountry "NET"]
[SourceTitle "playchess.com"]
[Source "ChessBase"]
[SourceQuality "1"]
[TimeControl "900+5"]

1. e4 {[%emt 0:00:00]} Nf6 {[%emt 0:00:12]} 2. e5 {[%emt 0:00:03]} Nd5 {[%emt 0:00:14]} 3. d4 {[%emt 0:00:02]} d6 {[%emt 0:00:02]} 4. Nf3 {[%emt 0:00:01]} Bg4 {[%emt 0:00:03]} 5. Be2 {[%emt 0:00:02]} e6 {[%emt 0:00:03]} 6. O-O {[%emt 0:00:02]} Be7 {[%emt 0:00:03]} 7. c4 {[%emt 0:00:10]} Nb6 {[%emt 0:00:03]} 8. h3 {[%emt 0:00:02]} Bh5 {[%emt 0:00:02]} 9. Nc3 {[%emt 0:00:02]} dxe5 {[%emt 0:00:09]} 10. Nxe5 {[%emt 0:00:58]} Bxe2 {[%emt 0:00:18]} 11. Qxe2 {[%emt 0:00:17]} O-O {[%emt 0:00:45]} 12. Rd1 {[%emt 0:00:03]} c6 {[%emt 0:00:20]} 13. Bf4 {[%emt 0:00:22]} N8d7 {[%emt 0:00:12]} 14. Rd3 {[%emt 0:01:00]} Nf6 {[%emt 0:03:19]} 15. Rad1 {[%emt 0:00:43]} Nbd7 {[%emt 0:00:28]} 16. g4 {[%emt 0:01:13]} Ne8 {[%emt 0:02:04]} 17. d5 {[%emt 0:01:47]} exd5 {[%emt 0:04:12]} 18. cxd5 {[%emt 0:00:31]} Nxe5 {[%emt 0:00:05]} 19. Bxe5 {[%emt 0:00:20]} c5 {[%emt 0:00:38]} 20. d6 {[%emt 0:00:59]} Bf6 {[%emt 0:00:17]} 21. d7 {[%emt 0:01:15]} Bxe5 {[%emt 0:00:46]} 22. Qxe5 {[%emt 0:00:49]} Nc7 {[%emt 0:00:57]} 23. Qxc5 {[%emt 0:00:21]} Ne6 {[%emt 0:00:19]} 24. Qe5 {[%emt 0:01:28]} Qg5 {[%emt 0:01:08]} 25. Qxg5 {[%emt 0:00:07]} Nxg5 {[%emt 0:00:02]} 26. d8=Q {[%emt 0:00:03]} 1-0

[Event "European Online Club-ch-D 2021"]
[Site "Online"]
[Date "2021.03.27"]
[Round "2.17"]
[White "Adams, Michael"]
[Black "Ivanchuk, Vasyl"]
[Result "0-1"]
[WhiteElo "2716"]
[BlackElo "2678"]
[Annotator "TA"]
[PlyCount "118"]
[EventDate "2021.03.27"]
[EventType "team-tourn"]
[EventCountry "NET"]
[SourceTitle "playchess.com"]
[Source "ChessBase"]
[SourceQuality "1"]

{[%evp 14,118,5,10,0,7,34,-7,-20,-12,-24,-37,-43,-56,-76,-79,-21,-30,-40,-24,-37,-21,-33,-39,0,0,0,0,0,0,0,-10,-8,-4,0,-13,0,0,0,-7,0,-14,-7,-89,-91,-92,-98,-128,-143,-131,-117,-78,-92,-158,0,0,0,0,0,0,0,-14,-16,-210,-197,-668,-622,-667,-291,-263,-235,-327,-106,-317,-324,-309,-278,-275,-266,-267,-267,-662,-648,-795,-720,-1258,-1212,-12792,-10229,-29940,-11631,-4667,-12491,-29973,-29975,-29975,-29976,-29975,-29977,-29976,-29978,-29978,-29978,-29966,-580,-29989,-29990]} 1. e4 c5 2. Nf3 d6 3. Bb5+ Bd7 4. Bxd7+ Nxd7 5. O-O Ngf6 6. Re1 e6 7. d4 cxd4 8. Nxd4 a6 {B52: Sicilian: Moscow Variation with 3...Bd7.} 9. c4 {[#]} g6 $5 $146 {[%mdl 8] New and interesting.} ({Predecessor:} 9... Be7 10. b3 O-O 11. Bb2 Re8 12. Nc3 Bf8 13. Qd2 Rc8 14. Rad1 Qc7 15. Nf3 Qb8 {0-1 (82) Hammer,J (2677)-Nakamura,H (2802) Stavanger 2015}) 10. a4 Bg7 {The position is equal.} 11. Nc3 O-O 12. b3 {[#]} Ng4 $1 {aiming for ...Qh4.} 13. Ra2 {[#]} (13. Rf1 Qa5) 13... Qb6 $1 14. Rd2 {[#]} Nxf2 $1 15. Kxf2 $11 Bxd4+ 16. Rxd4 {And now Kf1 would win.} e5 {[%mdl 64] Pin} 17. Be3 exd4 18. Bxd4 Qc6 ({Don't blunder} 18... Nc5 $2 19. Nd5 $18) (18... Qd8 {feels hotter.} 19. Kg1 Ne5 20. Be3 f6 21. Rf1 Rf7) 19. Nd5 {[%cal Rd5e7]} Rae8 20. Bf6 Nxf6 21. Nxf6+ Kg7 22. Nxe8+ Rxe8 {[%mdl 4096] Endgame KQR-KQR} 23. Qd4+ f6 24. Re3 a5 25. h3 b6 26. Qd3 Re5 27. Qe2 Qc5 28. Kf1 (28. Kf3 $11 {remains equal.}) 28... f5 $1 $17 29. g3 Qc6 30. exf5 Qh1+ {[%mdl 64] Double Attack} 31. Kf2 Rxf5+ 32. Rf3 {With the idea Qe7+.} Qh2+ 33. Ke1 ({Better is} 33. Kf1 Qxg3 34. Qe7+ Kh6 35. Rxf5 Qd3+ 36. Ke1 Qxf5 37. Qxd6) 33... Qg1+ $2 ({Worse is} 33... Qxh3 34. Qe7+ Kh6 35. Qe3+ Kg7 36. Qe7+ Kh6 37. Qe3+ Kg7 38. Qe7+ $11) (33... Re5 $17 {[%csl Ge5][%cal Rh2e2]} 34. Re3 Qxh3) 34. Kd2 $11 Qd4+ 35. Kc2 Re5 36. Qd1 Qc5 37. Rd3 Qf2+ 38. Kc3 $2 {White is on the road to losing.} (38. Rd2 $1 $11 Qxg3 39. Rxd6) 38... Re2 $19 {Threatens to win with ...Qf6+.} 39. g4 $2 (39. Rd2 Qxg3+ 40. Kc2) 39... Qf6+ 40. Rd4 Re3+ (40... Qe5 $142 41. g5 Re4) 41. Kc2 Rxh3 42. Rxd6 {[#]} Qc3+ {[%mdl 64] Double Attack} 43. Kb1 Qxb3+ 44. Qxb3 Rxb3+ {KR-KR} 45. Kc2 Rb4 46. Kd3 {[#]} Kh6 ({Stronger than} 46... Rxa4 47. Rxb6 h6 48. c5 $11) 47. Rc6 $2 (47. Rd5 Rxa4 48. Kc3) 47... Kg5 48. c5 bxc5 49. Rxc5+ Kxg4 50. Rxa5 h5 51. Kc3 Rf4 52. Kb3 h4 53. Rc5 h3 54. a5 h2 55. Rc1 g5 56. a6 Rf6 57. a7 Ra6 58. Rc4+ Kh5 (58... Kg3 $142 59. Rc3+ Kg4 60. a8=B Rxa8 61. Rc1 Ra7 62. Re1 Kh3 63. Re3+ Kg2 64. Re2+ Kg3 65. Re1 Kg2 66. Re2+ Kh3 67. Re3+ Kh4 68. Re6 Rh7 69. Re1 g4 70. Rh1 g3 71. Kc2 Kh3 72. Re1 g2 73. Re3+ Kh4 74. Re4+ Kg3 75. Re3+ Kf2 76. Re8 g1=Q 77. Rf8+ Ke2 78. Rc8 Qg6+ 79. Kc3 Qd3+ 80. Kb4 Rb7+ 81. Kc5 Rb5+ 82. Kc6 h1=Q+ 83. Kc7 Qc1#) 59. Ra4 Rxa4 {Weighted Error Value: White=0.96/Black=0.29} 0-1

[Event "European Online Club-ch-D 2021"]
[Site "Online"]
[Date "2021.03.27"]
[Round "2.18"]
[White "Lagarde, Maxime"]
[Black "Howell, David W L"]
[Result "0-1"]
[WhiteElo "2640"]
[BlackElo "2658"]
[Annotator "TA"]
[PlyCount "64"]
[EventDate "2021.03.27"]
[EventType "team-tourn"]
[EventCountry "NET"]
[SourceTitle "playchess.com"]
[Source "ChessBase"]
[SourceQuality "1"]

{[%evp 9,64,3,10,2,13,-6,0,-1,0,0,14,0,54,15,29,0,46,46,42,43,50,-15,-13,-13,43,50,47,44,143,132,150,137,152,124,134,127,99,102,106,115,104,5,10,0,0,7,95,80,121,98,202,166,407,414,533,520,527]} 1. c4 c5 2. Nc3 g6 3. g3 Bg7 4. Bg2 Nc6 5. Nf3 e6 6. h4 {A37: Symmetrical English vs ...g6: 4 Bg2 Bg7 5 Nf3.} h6 7. d4 cxd4 8. Nb5 {[%cal Rf3d4] The position is equal.} d5 9. cxd5 exd5 {Hoping for ...Qa5+.} 10. O-O {[#]} Qb6 $5 $146 {[%mdl 8] New and interesting.} (10... Nf6 $11) ({Predecessor:} 10... Nf6 11. Bf4 O-O 12. Qc1 a6 13. Nbxd4 Nxd4 14. Nxd4 Kh7 15. Rd1 Re8 16. Qc7 Qxc7 17. Bxc7 {½-½ (61) Wang,H (2762)-Giri,A (2763) Ekaterinburg 2020}) 11. Qb3 {[%mdl 1024] White has compensation.} (11. a4 $5 {[%cal Rc1f4]} a6 12. Nd6+ Kf8 13. Bf4 $11) 11... Nge7 12. Bf4 {Threatens to win with Nc7+.} Na5 13. Qb4 $36 {[%mdl 2048] Nc7+ is the strong threat. White is more active.} Nac6 14. Nd6+ Kf8 15. Qd2 (15. Qxb6 $14 axb6 16. Nxc8 Nxc8 17. Ne1) 15... Bg4 $11 16. a4 {[%cal Ba2a4,Ba4a5][%mdl 32]} a6 (16... Bxf3 $11 17. exf3 (17. Bxf3 Ne5 $17) 17... Ne5) 17. a5 $14 Qa7 18. b4 {[%cal Bb2b4,Bb4b5][%mdl 32]} Rd8 {[#]} (18... Bxf3 $14 19. Bxf3 b5) 19. b5 $1 $16 {[%cal Rb5c6]} axb5 20. Nxb5 Qa6 21. Nc7 Qa7 22. Rfb1 d3 23. Ra4 dxe2 24. Nb5 Qa6 25. Bc7 (25. Qxe2 $16 Kg8 26. Qd2) 25... Bf5 $11 26. Rb3 Rd7 {And now ...Na7 would win.} 27. Bb6 Bf6 (27... Nc8 $11 28. Bc5+ Kg8) 28. Qxe2 $16 Kg7 {[#]} 29. Qd2 $1 Rc8 (29... h5 $16) 30. g4 Be4 (30... Nxa5 {was called for.} 31. Rxa5 (31. Qxa5 Qxa5 32. Rxa5 Bxg4 $14) (31. Bxa5 Bc2 $16) 31... Qxb6) 31. g5 $18 hxg5 32. hxg5 Be5 {[%mdl 32768] Weighted Error Value: White=0.16/Black=0.40. Loss on time!?} 0-1

[Event "European Online Club-ch-D 2021"]
[Site "Online"]
[Date "2021.03.27"]
[Round "2.19"]
[White "McShane, Luke J"]
[Black "Medvegy, Zoltan"]
[Result "1-0"]
[WhiteElo "2674"]
[BlackElo "2527"]
[Annotator "TA"]
[PlyCount "85"]
[EventDate "2021.03.27"]
[EventType "team-tourn"]
[EventCountry "NET"]
[SourceTitle "playchess.com"]
[Source "ChessBase"]
[SourceQuality "1"]

{[%evp 15,85,12,20,16,24,-17,-8,-22,0,-37,0,-25,52,-6,-5,-18,0,0,0,-52,0,0,0,0,10,0,8,0,0,0,11,15,105,82,106,60,64,62,101,53,66,21,90,0,37,37,101,100,96,81,205,79,80,88,90,87,79,85,338,322,494,477,554,550,645,657,960,840,833,827,715,701]} 1. e4 e6 2. d4 d5 3. Nd2 dxe4 4. Nxe4 Bd7 5. Nf3 Bc6 6. Bd3 Nd7 7. O-O Ngf6 8. Neg5 Bd6 9. Qe2 {Black must now prevent Nxf7! C10: French with 3 Nc3: Unusual Black 3rd moves and 3...dxe4.} h6 10. Nh3 Bxf3 11. Qxf3 {The position is equal.} c6 {[#]} 12. a4 $5 $146 {[%mdl 8] An interesting novelty.} ({Predecessor:} 12. Nf4 O-O 13. Nh5 Nxh5 14. Qxh5 Qf6 15. c3 Bf4 16. Re1 Rad8 17. Be4 Bxc1 18. Raxc1 {½-½ (57) Belyakov,B (2486)-Rozhko,D (2311) Sochi 2017}) 12... a5 13. c3 O-O ({Better is} 13... Qc7 $11) 14. Bc2 (14. g4 $1 $14) 14... Re8 $11 15. Nf4 Qc7 16. g3 e5 17. Ne2 (17. Nh5 $11) 17... exd4 (17... c5 $15) 18. Nxd4 Ne5 19. Qf5 Ned7 20. Be3 g6 21. Qh3 h5 22. Rad1 Ne5 23. Qg2 Nd5 {[#]} (23... Bc5 $11 {remains equal.}) 24. Nb5 $1 $16 {[%cal Rb5c7][%mdl 512]} Qe7 25. Nxd6 Qxd6 26. Bd4 Rad8 27. Bb3 Qc7 28. Kh1 Ne7 {[#]} (28... Nf6 $11) 29. Bc2 ({White should try} 29. Rfe1 $1 $16 {[%cal Re1e5]} Nd7 30. g4 (30. Qf3 Nf5 $11) 30... hxg4 31. Qxg4) 29... Nd5 30. Rfe1 Nc4 ({Black should play} 30... Nf6 $14) 31. b3 Ncb6 {...c5 would now be nice for Black.} 32. f4 Ne7 (32... f5 $16 {might work better.}) 33. Qf3 (33. c4 $18) 33... c5 34. Be5 $36 {[%mdl 2048] White has strong initiative.} Rxd1 35. Rxd1 (35. Bxc7 $2 {perishes.} Rxe1+ 36. Kg2 Nbd5 $19) 35... Qc8 36. Be4 c4 $2 {[%mdl 8192]} (36... Qe6 $16) 37. Bxb7 $18 Qh3 (37... Qc5 {is a better defense.} 38. Bd4 Qd6) 38. b4 {[%cal Bb3b4,Bb4a5][%mdl 32] White is clearly winning.} Nxa4 39. bxa5 Nb2 40. Ra1 Nf5 41. Qg2 Qxg2+ 42. Bxg2 f6 43. Bxf6 {Weighted Error Value: White=0.20/Black=0.47} 1-0